“煎饺”地点数量≥100的地级行政区 Prefectures with ≥100 "Jianjiao" sites - Statistics

General Stats
  • This quiz has been taken 24 times
  • The average score is 12 of 15
Answer Stats
地级行政区 数量 % Correct
上海 506
100%
苏州 152
96%
武汉 421
91%
杭州 323
91%
北京 228
91%
南京 191
91%
深圳 369
87%
成都 157
87%
广州 513
83%
重庆 171
83%
佛山 231
65%
东莞 119
65%
宁波 107
61%
温州 175
35%
汕头 107
30%
No matching quizzes found
Score Distribution
Percent of People with Each Score
Percentile by Number Answered
Your Score History
You have not taken this quiz